A way with words /
Salvato in:
| Autore principale: | |
|---|---|
| Natura: | Sconosciuto |
| Lingua: | English |
| Pubblicazione: |
Londres ; New York :
Routledge,
1992.
|
| Soggetti: | |
| Tags: |
Aggiungi Tag
Nessun Tag, puoi essere il primo ad aggiungerne!!
|
MARC
| LEADER | 000000000a22000000004500 | ||
|---|---|---|---|
| 001 | 015296 | ||
| 041 | 0 | |a eng | |
| 082 | 0 | 4 | |a 820.9 |b R768w |
| 100 | 1 | |a Ronberg, Gert, |d 1944- | |
| 245 | 1 | 2 | |a A way with words / |c Gert Ronberg. |
| 260 | 1 | |a Londres ; New York : |b Routledge, |c 1992. | |
| 300 | |a ix, 207 páginas ; |c 24 cm. | ||
| 650 | 4 | |a LITERATURA INGLESA | |
| 650 | 4 | |a EDAD MODERNA | |
| 650 | 4 | |a RENACIMIENTO | |
| 650 | 4 | |a HISTORIA | |
| 650 | 4 | |a CRITICA | |
| 500 | |a Colección George Yúdice | ||
| 999 | |c 21153 |d 21153 | ||
| 942 | |c BK |h 820.9 R768w |2 z | ||
